[Event "Titled Tuesday intern op 30th Jul Late"]
[Site "Chess.com INT"]
[Date "2024.07.30"]
[Round "8"]
[White "Gurevich, Dmitry"]
[Black "Prydun, Andriy"]
[Result "1-0"]
[WhiteElo "2347"]
[BlackElo "2162"]
[PlyCount "109"]
[EventDate "2024.07.30"]
[EventType "swiss (blitz)"]
[EventRounds "11"]
[EventCountry "USA"]
[SourceTitle "EXT 2025"]
[Source "ChessBase"]
[SourceDate "2024.10.14"]
[SourceVersion "1"]
[SourceVersionDate "2024.10.14"]
[SourceQuality "1"]

1. d4 c6 2. Bf4 Nf6 3. e3 g5 4. Bg3 d6 5. Bd3 Bg7 6. h4 g4 7. h5 h6 8. c3 Nbd7 9. Ne2 e5 10. Nd2 b5 11. a4 Qb6 12. axb5 cxb5 13. Qb3 Rb8 14. Ne4 a6 15. Rh4 Rg8 16. Kf1 Bb7 17. Nxf6+ Bxf6 18. Rh1 e4 19. Bb1 Rg5 20. Ba2 Bd5 21. Qc2 Bxa2 22. Rxa2 Qc6 23. Kg1 b4 24. b3 bxc3 25. Nxc3 d5 26. Qb2 Rc8 27. Ne2 Be7 28. Bf4 Rf5 29. Ng3 Rf6 30. Kh2 Bb4 31. Qe2 Qe6 32. Rc2 Rb8 33. Rhc1 Rb7 34. Rc6 Qxc6 35. Rxc6 Rxc6 36. Qxg4 Nf6 37. Qf5 Bf8 38. Be5 Nd7 39. Bf4 Rb5 40. Qg4 Nf6 41. Qh4 Rxb3 42. Nf5 a5 43. Bxh6 Bxh6 44. Nxh6 a4 45. Qg5 a3 46. Qe5+ Kf8 47. Nf5 a2 48. Qe7+ Kg8 49. Qd8+ Kh7 50. Qf8 Nxh5 51. Qxf7+ Kh8 52. Qxh5+ Kg8 53. Qe8+ Kh7 54. Qf7+ Kh8 55. Qg7# 1-0

[Event "Titled Tuesday intern op 30th Jul Late"]
[Site "Chess.com INT"]
[Date "2024.07.30"]
[Round "9"]
[White "Prydun, Andriy"]
[Black "Hernandez Amura, Gilberto"]
[Result "0-1"]
[WhiteElo "2162"]
[BlackElo "2198"]
[PlyCount "82"]
[EventDate "2024.07.30"]
[EventType "swiss (blitz)"]
[EventRounds "11"]
[EventCountry "USA"]
[SourceTitle "EXT 2025"]
[Source "ChessBase"]
[SourceDate "2024.10.14"]
[SourceVersion "1"]
[SourceVersionDate "2024.10.14"]
[SourceQuality "1"]

1. c3 e5 2. d4 exd4 3. cxd4 d5 4. Nf3 h6 5. Bf4 Nf6 6. Nc3 Bd6 7. g3 Bxf4 8. gxf4 c6 9. e3 Bg4 10. Be2 Bxf3 11. Bxf3 Nbd7 12. Rb1 0-0 13. b4 a6 14. a4 b5 15. Rg1 Nb6 16. Qc2 Qd7 17. Rg3 Rfe8 18. Kf1 Nc4 19. Kg2 Kh8 20. Rg1 Rg8 21. Kh1 Rab8 22. Bg2 Qd6 23. Rh3 Qxb4 24. axb5 axb5 25. Qf5 Qd6 26. Bf3 Qe6 27. Bg4 Qxf5 28. Bxf5 Ra8 29. Ne2 b4 30. f3 b3 31. e4 g6 32. e5 gxf5 33. Rxh6+ Nh7 34. Ng3 b2 35. Nh5 Rxg1+ 36. Kxg1 b1Q+ 37. Kg2 Rg8+ 38. Kh3 Qf1+ 39. Kh4 Qf2+ 40. Kh3 Qg2+ 41. Kh4 Qxh2# 0-1

[Event "Titled Tuesday intern op 30th Jul Late"]
[Site "Chess.com INT"]
[Date "2024.07.30"]
[Round "5"]
[White "Prydun, Andriy"]
[Black "Skotheim, Andreas"]
[Result "1-0"]
[WhiteElo "2162"]
[BlackElo "2225"]
[PlyCount "41"]
[EventDate "2024.07.30"]
[EventType "swiss (blitz)"]
[EventRounds "11"]
[EventCountry "USA"]
[SourceTitle "EXT 2025"]
[Source "ChessBase"]
[SourceDate "2024.10.14"]
[SourceVersion "1"]
[SourceVersionDate "2024.10.14"]
[SourceQuality "1"]

1. c3 b6 2. d4 Bb7 3. Bg5 g6 4. Nd2 h6 5. Bh4 Bg7 6. e4 d6 7. Bd3 Nd7 8. f4 c5 9. Ne2 Qc7 10. 0-0 e6 11. Qe1 Ne7 12. Bxe7 Kxe7 13. f5 gxf5 14. exf5 Rag8 15. fxe6 Bxd4+ 16. Nxd4 Rxg2+ 17. Kh1 Re2+ 18. Be4 Rxe1 19. Nf5+ Kd8 20. e7+ Kc8 21. Raxe1 1-0

[Event "Titled Tuesday intern op 30th Jul Late"]
[Site "Chess.com INT"]
[Date "2024.07.30"]
[Round "6"]
[White "Prydun, Andriy"]
[Black "Svane, Rasmus"]
[Result "0-1"]
[WhiteElo "2162"]
[BlackElo "2633"]
[PlyCount "68"]
[EventDate "2024.07.30"]
[EventType "swiss (blitz)"]
[EventRounds "11"]
[EventCountry "USA"]
[SourceTitle "EXT 2025"]
[Source "ChessBase"]
[SourceDate "2024.10.14"]
[SourceVersion "1"]
[SourceVersionDate "2024.10.14"]
[SourceQuality "1"]

1. c3 Nf6 2. Nf3 g6 3. d4 Bg7 4. a4 0-0 5. a5 d6 6. Bg5 Nbd7 7. Nbd2 h6 8. Bh4 g5 9. Bg3 Nh5 10. e4 e6 11. Be2 Qe7 12. Nc4 f5 13. Nfd2 Nhf6 14. e5 f4 15. Bxf4 gxf4 16. exf6 Qxf6 17. Bf3 d5 18. Na3 c6 19. Qa4 e5 20. dxe5 Nxe5 21. Be2 Qg5 22. 0-0-0 Bf5 23. a6 b5 24. Qa5 Nc4 25. Naxc4 bxc4 26. Bf3 Bh7 27. Nxc4 dxc4 28. Qxg5 hxg5 29. Bxc6 Rac8 30. Bd7 Rc5 31. h4 g4 32. Bxg4 Bd3 33. Rde1 Ra5 34. Be2 Bxe2 0-1

[Event "Titled Tuesday intern op 30th Jul Late"]
[Site "Chess.com INT"]
[Date "2024.07.30"]
[Round "7"]
[White "Wartiovaara, Oliver"]
[Black "Prydun, Andriy"]
[Result "1-0"]
[WhiteElo "2325"]
[BlackElo "2162"]
[PlyCount "63"]
[EventDate "2024.07.30"]
[EventType "swiss (blitz)"]
[EventRounds "11"]
[EventCountry "USA"]
[SourceTitle "EXT 2025"]
[Source "ChessBase"]
[SourceDate "2024.10.14"]
[SourceVersion "1"]
[SourceVersionDate "2024.10.14"]
[SourceQuality "1"]

1. d4 c6 2. Bf4 Qb6 3. e3 Qxb2 4. Nd2 Nf6 5. Ngf3 d6 6. Rb1 Qxa2 7. Bc4 Qa5 8. 0-0 e6 9. e4 Nbd7 10. Re1 Rg8 11. Bd3 g5 12. Bg3 h5 13. h4 g4 14. Ng5 Rxg5 15. Nc4 Qc7 16. hxg5 Nh7 17. g6 fxg6 18. e5 Kf7 19. exd6 Qd8 20. Ne5+ Nxe5 21. dxe5 Qg5 22. Rb4 a5 23. Rf4+ Ke8 24. Qe2 Bh6 25. Qe4 Nf8 26. Rf6 Qd2 27. Rxg6 Qxe1+ 28. Qxe1 Nxg6 29. Bxg6+ Kf8 30. Bxh5 a4 31. Qe4 a3 32. Qg6 1-0

[Event "Titled Tuesday intern op 16th Jul Late"]
[Site "Chess.com INT"]
[Date "2024.07.16"]
[Round "7"]
[White "Goncharov, Vladimir"]
[Black "Prydun, Andriy"]
[Result "1-0"]
[WhiteElo "2077"]
[BlackElo "2162"]
[PlyCount "63"]
[EventDate "2024.07.16"]
[EventType "swiss (blitz)"]
[EventRounds "11"]
[EventCountry "USA"]
[SourceTitle "EXT 2025"]
[Source "ChessBase"]
[SourceDate "2024.10.14"]
[SourceVersion "1"]
[SourceVersionDate "2024.10.14"]
[SourceQuality "1"]

1. d4 Nf6 2. c4 c5 3. d5 e5 4. Nc3 d6 5. e4 Nbd7 6. Bd3 a6 7. h3 Rb8 8. Qe2 Be7 9. g4 h6 10. Nf3 Nf8 11. Be3 N6h7 12. 0-0-0 Ng5 13. Nd2 h5 14. f3 h4 15. f4 exf4 16. Bxf4 Ng6 17. Bh2 Bf6 18. e5 Nxe5 19. Nde4 b5 20. cxb5 axb5 21. Bxb5+ Kf8 22. Nxf6 Qxf6 23. Rhf1 Qe7 24. Bxe5 Qxe5 25. Qxe5 dxe5 26. Rd3 Rh6 27. Re3 e4 28. a4 Rb7 29. Nxe4 Re7 30. Rfe1 Nh7 31. Nxc5 Rxe3 32. Rxe3 1-0

[Event "Titled Tuesday intern op 18th Jun Late"]
[Site "Chess.com INT"]
[Date "2024.06.18"]
[Round "7"]
[White "Prydun, Andriy"]
[Black "Coe, William R"]
[Result "1-0"]
[WhiteElo "2162"]
[BlackElo "2078"]
[PlyCount "69"]
[EventDate "2024.06.18"]
[EventType "swiss (blitz)"]
[EventRounds "11"]
[EventCountry "USA"]
[SourceTitle "EXT 2025"]
[Source "ChessBase"]
[SourceDate "2024.10.14"]
[SourceVersion "1"]
[SourceVersionDate "2024.10.14"]
[SourceQuality "1"]

1. e4 c5 2. d4 cxd4 3. c3 dxc3 4. Nxc3 Nc6 5. Nf3 e6 6. Bc4 Nge7 7. h4 Ng6 8. h5 Nge5 9. Nxe5 Nxe5 10. Be2 h6 11. Rh3 Bb4 12. Qd4 Bxc3+ 13. Rxc3 f6 14. Bf4 Qa5 15. b4 Qb6 16. Qd2 0-0 17. Rg3 Kh7 18. Rd1 a5 19. b5 Qc5 20. Rc3 Qb4 21. a3 Qxe4 22. Kf1 d5 23. Rc7 Rg8 24. Re1 Qf5 25. Bxe5 fxe5 26. g4 Qf4 27. Qxf4 exf4 28. Bd3+ Kh8 29. g5 hxg5 30. h6 e5 31. Rxe5 Bg4 32. Rxg5 Bf3 33. hxg7+ Rxg7 34. Rcxg7 Rc8 35. Rh7# 1-0

[Event "Titled Tuesday intern op 18th Jun Late"]
[Site "Chess.com INT"]
[Date "2024.06.18"]
[Round "8"]
[White "Prydun, Andriy"]
[Black "Gomez Barrera, Javiera Belen"]
[Result "0-1"]
[WhiteElo "2162"]
[BlackElo "2209"]
[PlyCount "102"]
[EventDate "2024.06.18"]
[EventType "swiss (blitz)"]
[EventRounds "11"]
[EventCountry "USA"]
[SourceTitle "EXT 2025"]
[Source "ChessBase"]
[SourceDate "2024.10.14"]
[SourceVersion "1"]
[SourceVersionDate "2024.10.14"]
[SourceQuality "1"]

1. e4 e5 2. d4 exd4 3. Qxd4 Nc6 4. Qc4 Nf6 5. Nc3 Bb4 6. Bd2 0-0 7. 0-0-0 Re8 8. f3 a5 9. Be1 b6 10. Nge2 Ba6 11. Qb3 Bc5 12. Na4 Bf8 13. Nec3 Bxf1 14. Rxf1 Qe7 15. g4 h5 16. h3 Qb4 17. Bg3 d6 18. g5 Nd7 19. Qd5 Nce5 20. a3 c6 21. Qd2 Qc4 22. f4 Ng6 23. b3 Qa6 24. Nb2 Nc5 25. Rde1 Nxe4 26. Nxe4 Rxe4 27. f5 Ne5 28. Qg2 Rxe1+ 29. Rxe1 Qb5 30. g6 Qc5 31. f6 Nxg6 32. Bf2 Qxa3 33. Kb1 a4 34. Nc4 Qb4 35. Qxc6 Rd8 36. Qxb6 Qxb6 37. Bxb6 axb3 38. cxb3 Rb8 39. fxg7 Bxg7 40. Rd1 Nf4 41. Rxd6 Nxh3 42. Kc2 Nf4 43. Bc7 Rc8 44. Rd8+ Rxd8 45. Bxd8 Ne6 46. Be7 Nd4+ 47. Kd3 Nxb3 48. Ke4 Nd4 49. Kf4 Kh7 50. Ne3 Bh6+ 51. Ke4 Bxe3 0-1

[Event "Titled Tuesday intern op 18th Jun Late"]
[Site "Chess.com INT"]
[Date "2024.06.18"]
[Round "10"]
[White "Prydun, Andriy"]
[Black "Novikova, Margarita"]
[Result "1-0"]
[WhiteElo "2162"]
[BlackElo "1999"]
[PlyCount "119"]
[EventDate "2024.06.18"]
[EventType "swiss (blitz)"]
[EventRounds "11"]
[EventCountry "USA"]
[SourceTitle "EXT 2025"]
[Source "ChessBase"]
[SourceDate "2024.10.14"]
[SourceVersion "1"]
[SourceVersionDate "2024.10.14"]
[SourceQuality "1"]

1. e4 e5 2. d4 exd4 3. Qxd4 Nc6 4. Qc4 Nf6 5. Nc3 Bb4 6. Bd2 d6 7. 0-0-0 Be6 8. Qe2 Qe7 9. f3 0-0-0 10. Qf2 Bc5 11. Be3 Bxe3+ 12. Qxe3 Kb8 13. Bb5 Bd7 14. Qd2 a6 15. Ba4 Ne5 16. Bb3 Be6 17. Nge2 Bxb3 18. axb3 Nc6 19. h4 h5 20. Nf4 g6 21. g3 Ne5 22. Qg2 c6 23. Rhe1 Qc7 24. Qf2 Nfd7 25. Na4 b5 26. Nc3 Qb6 27. Qf1 Nc5 28. b4 Ne6 29. Nxe6 fxe6 30. b3 Rhf8 31. f4 Ng4 32. Rd2 e5 33. Qd3 exf4 34. gxf4 Rxf4 35. e5 d5 36. Qxg6 Rxb4 37. Nxd5 Qa5 38. Kb2 cxd5 39. Ra1 Rxb3+ 40. Kxb3 Qxd2 41. Rxa6 Qe3+ 42. Ka2 Nxe5 43. Qf6 Qd4 44. Qxd8+ Kb7 45. Qa8+ Kc7 46. Qa7+ Qxa7 47. Rxa7+ Kc6 48. Rh7 Nf3 49. Rxh5 Ne1 50. Kb2 Ng2 51. Rh7 Kc5 52. h5 Ne3 53. Rf7 b4 54. Rf4 d4 55. h6 Nd5 56. Rf5 Kc4 57. Rxd5 Kxd5 58. h7 b3 59. cxb3 d3 60. Kc1 1-0

[Event "Titled Tuesday intern op 21st May Late"]
[Site "Chess.com INT"]
[Date "2024.05.21"]
[Round "5"]
[White "Barredo, Ruther"]
[Black "Prydun, Andriy"]
[Result "0-1"]
[WhiteElo "1816"]
[BlackElo "2162"]
[PlyCount "54"]
[EventDate "2024.05.21"]
[EventType "swiss (blitz)"]
[EventRounds "11"]
[EventCountry "USA"]
[SourceTitle "CBM 220 Extra"]
[Source "ChessBase"]
[SourceDate "2024.07.31"]
[SourceVersion "1"]
[SourceVersionDate "2024.07.31"]
[SourceQuality "1"]

1. d4 Nf6 2. Nf3 d5 3. e3 e6 4. Nbd2 c5 5. c3 b6 6. Bd3 Bb7 7. Ne5 g6 8. 0-0 Bg7 9. f4 0-0 10. Qf3 Nfd7 11. Qh3 Qe8 12. Ndf3 f6 13. Ng4 Nc6 14. Bd2 e5 15. fxe5 fxe5 16. Ng5 h5 17. Nf2 e4 18. Bb5 Rf6 19. c4 a6 20. cxd5 axb5 21. dxc6 Bxc6 22. Qh4 cxd4 23. Nfxe4 Rf5 24. Nd6 Rxf1+ 25. Rxf1 Qe7 26. Nde4 Re8 27. Rf4 Be5 0-1

[Event "Titled Tuesday intern op 21st May Late"]
[Site "Chess.com INT"]
[Date "2024.05.21"]
[Round "7"]
[White "Cuevas Araya, Walter"]
[Black "Prydun, Andriy"]
[Result "1/2-1/2"]
[WhiteElo "2002"]
[BlackElo "2162"]
[PlyCount "96"]
[EventDate "2024.05.21"]
[EventType "swiss (blitz)"]
[EventRounds "11"]
[EventCountry "USA"]
[SourceTitle "CBM 220 Extra"]
[Source "ChessBase"]
[SourceDate "2024.07.31"]
[SourceVersion "1"]
[SourceVersionDate "2024.07.31"]
[SourceQuality "1"]

1. e4 c5 2. Nf3 d6 3. Bb5+ Bd7 4. Bxd7+ Qxd7 5. d4 cxd4 6. Qxd4 Nc6 7. Qd3 Ne5 8. Nxe5 dxe5 9. Qxd7+ Kxd7 10. Nc3 e6 11. Be3 Kc6 12. 0-0-0 Bb4 13. Ne2 Nf6 14. f3 Rhd8 15. c3 Ba5 16. Rxd8 Rxd8 17. Rd1 Rc8 18. Kc2 a6 19. b4 Bc7 20. a4 b5 21. a5 Nd7 22. Kb3 Rg8 23. Nc1 g5 24. h3 h5 25. Nd3 g4 26. hxg4 hxg4 27. Nc5 Nxc5+ 28. Bxc5 gxf3 29. gxf3 Rg3 30. Rf1 Bd8 31. Be3 Bc7 32. Ba7 Rg6 33. Rg1 Rxg1 34. Bxg1 Bd8 35. c4 bxc4+ 36. Kxc4 Be7 37. Be3 Bd6 38. Bb6 Be7 39. Be3 Bd6 40. Bb6 Be7 41. Bg1 Bd6 42. Bf2 Be7 43. Be1 Bd6 44. Bc3 Bc7 45. Bd2 Bd6 46. Bg5 Bc7 47. Bf6 Bb8 48. Be7 Bc7 1/2-1/2

[Event "Titled Tuesday intern op 21st May Late"]
[Site "Chess.com INT"]
[Date "2024.05.21"]
[Round "3"]
[White "Prydun, Andriy"]
[Black "Marquez Ruiz, Angel Jesus"]
[Result "0-1"]
[WhiteElo "2162"]
[BlackElo "2265"]
[PlyCount "38"]
[EventDate "2024.05.21"]
[EventType "swiss (blitz)"]
[EventRounds "11"]
[EventCountry "USA"]
[SourceTitle "CBM 220 Extra"]
[Source "ChessBase"]
[SourceDate "2024.07.31"]
[SourceVersion "1"]
[SourceVersionDate "2024.07.31"]
[SourceQuality "1"]

1. e4 c5 2. Nf3 Nc6 3. Bb5 d6 4. Bxc6+ bxc6 5. h3 e5 6. d3 Be7 7. Nbd2 f5 8. Nf1 Nf6 9. Ne3 fxe4 10. dxe4 Nxe4 11. Qe2 0-0 12. Nxe5 Nxf2 13. Nxc6 Qe8 14. Nd5 Bh4 15. Nce7+ Kh8 16. 0-0 Bb7 17. c4 Bxd5 18. cxd5 Rf7 19. Be3 Rxe7 0-1

[Event "Titled Tuesday intern op 21st May Late"]
[Site "Chess.com INT"]
[Date "2024.05.21"]
[Round "2"]
[White "Thake, Conrad"]
[Black "Prydun, Andriy"]
[Result "0-1"]
[WhiteElo "1847"]
[BlackElo "2162"]
[PlyCount "94"]
[EventDate "2024.05.21"]
[EventType "swiss (blitz)"]
[EventRounds "11"]
[EventCountry "USA"]
[SourceTitle "CBM 220 Extra"]
[Source "ChessBase"]
[SourceDate "2024.07.31"]
[SourceVersion "1"]
[SourceVersionDate "2024.07.31"]
[SourceQuality "1"]

1. c4 e5 2. Nc3 Nf6 3. d3 Bb4 4. e4 0-0 5. g3 d5 6. cxd5 c6 7. Bg5 cxd5 8. Bxf6 Qxf6 9. exd5 e4 10. d4 Re8 11. Bg2 e3 12. fxe3 Rxe3+ 13. Nge2 Bg4 14. Rf1 Qe7 15. Rf2 Nd7 16. h3 Bxe2 17. Rxe2 Re8 18. Bf1 Qg5 19. g4 Qf4 20. Qd2 Qg3+ 21. Kd1 Nf6 22. Kc2 Bxc3 23. bxc3 Nxd5 24. Rxe3 Rxe3 25. Bd3 Qxh3 26. Rb1 b6 27. Re1 g6 28. Rxe3 Nxe3+ 29. Kb3 Nxg4 30. Bc4 Qg3 31. Qe2 Ne3 32. d5 Nf5 33. Qe8+ Kg7 34. d6 Nxd6 35. Qd7 h5 36. Bd5 Qe5 37. c4 h4 38. Qh3 Qg3+ 39. Qxg3 hxg3 40. a4 f5 41. Kb4 Ne4 42. a5 g2 43. axb6 axb6 44. c5 bxc5+ 45. Kc4 g1Q 46. Kb5 Qd4 47. Kc6 Nc3 0-1

[Event "Titled Tuesday intern op 07th May Late"]
[Site "Chess.com INT"]
[Date "2024.05.07"]
[Round "2"]
[White "Prydun, Andriy"]
[Black "Domingo Nunez, Alejandro"]
[Result "1-0"]
[WhiteElo "2162"]
[BlackElo "2318"]
[PlyCount "31"]
[EventDate "2024.05.07"]
[EventType "swiss (blitz)"]
[EventRounds "11"]
[EventCountry "USA"]
[SourceTitle "EXT 2025"]
[Source "ChessBase"]
[SourceDate "2024.10.14"]
[SourceVersion "1"]
[SourceVersionDate "2024.10.14"]
[SourceQuality "1"]

1. e4 g6 2. d4 Bg7 3. Nf3 c6 4. Bd3 d5 5. e5 f6 6. Bf4 Bg4 7. Nbd2 fxe5 8. dxe5 Nd7 9. h3 Bxf3 10. Nxf3 Qc7 11. 0-0 Nxe5 12. Re1 Nxf3+ 13. Qxf3 Qd7 14. Be5 Nf6 15. Bxf6 0-0 16. Rxe7 1-0

[Event "Titled Tuesday intern op 07th May Late"]
[Site "Chess.com INT"]
[Date "2024.05.07"]
[Round "9"]
[White "Prydun, Andriy"]
[Black "Harish, Neeraj"]
[Result "1-0"]
[WhiteElo "2162"]
[BlackElo "2212"]
[PlyCount "117"]
[EventDate "2024.05.07"]
[EventType "swiss (blitz)"]
[EventRounds "11"]
[EventCountry "USA"]
[SourceTitle "EXT 2025"]
[Source "ChessBase"]
[SourceDate "2024.10.14"]
[SourceVersion "1"]
[SourceVersionDate "2024.10.14"]
[SourceQuality "1"]

1. e4 e5 2. d4 exd4 3. Qxd4 Nc6 4. Qe3 g6 5. Nc3 Bg7 6. Bd2 Nge7 7. 0-0-0 0-0 8. h4 d5 9. exd5 Nxd5 10. Qe4 Nxc3 11. Bxc3 Qe8 12. Qxe8 Rxe8 13. Bxg7 Kxg7 14. h5 Bf5 15. Bc4 Nb4 16. Nf3 Rad8 17. Ng5 gxh5 18. a3 Nxc2 19. Nxf7 Nd4 20. Nxd8 Rxd8 21. Rxh5 Bg6 22. Rh4 c5 23. Bd3 Bxd3 24. Rxd3 b6 25. Kd2 Nb3+ 26. Kc3 Nd4 27. Re3 Rd7 28. Rf4 Nb5+ 29. Kc2 Nd4+ 30. Kc1 h6 31. g4 Kg6 32. Re5 Kg7 33. Re3 Kg6 34. b4 Kg7 35. bxc5 bxc5 36. Kb2 Rb7+ 37. Kc3 Rb3+ 38. Kc4 Rxe3 39. fxe3 Nc2 40. Kxc5 Nxa3 41. Ra4 Nc2 42. Rxa7+ Kg6 43. e4 Ne3 44. e5 Nxg4 45. Kd6 Kf5 46. e6 Nf6 47. Rf7 Kg6 48. Rxf6+ Kxf6 49. e7 Kg5 50. e8Q h5 51. Qe1 h4 52. Qh1 Kg4 53. Kd5 Kg3 54. Kd4 h3 55. Ke3 h2 56. Ke2 Kh3 57. Kf2 Kg4 58. Qxh2 Kg5 59. Qg3+ 1-0

[Event "Titled Tuesday intern op 07th May Late"]
[Site "Chess.com INT"]
[Date "2024.05.07"]
[Round "11"]
[White "Prydun, Andriy"]
[Black "Shamsi, Mohammadhossein"]
[Result "1-0"]
[WhiteElo "2162"]
[BlackElo "2217"]
[PlyCount "47"]
[EventDate "2024.05.07"]
[EventType "swiss (blitz)"]
[EventRounds "11"]
[EventCountry "USA"]
[SourceTitle "EXT 2025"]
[Source "ChessBase"]
[SourceDate "2024.10.14"]
[SourceVersion "1"]
[SourceVersionDate "2024.10.14"]
[SourceQuality "1"]

1. e4 c6 2. d4 d5 3. e5 Bf5 4. Bd3 Bxd3 5. cxd3 e6 6. Nc3 c5 7. dxc5 Bxc5 8. d4 Bb4 9. Qg4 Ne7 10. Qxg7 Rg8 11. Qxh7 Rxg2 12. Nge2 Rg8 13. h4 Nbc6 14. Bg5 Qa5 15. Rh3 Kd7 16. Rf3 Raf8 17. Rxf7 Rxf7 18. Qxf7 Re8 19. Kf1 Qd8 20. Nf4 Nxd4 21. Ncxd5 Rf8 22. Nf6+ Kc8 23. Rc1+ Kb8 24. Nxe6 1-0

[Event "Titled Tuesday intern op 30th Apr Late"]
[Site "Chess.com INT"]
[Date "2024.04.30"]
[Round "5"]
[White "Prydun, Andriy"]
[Black "Lantini, Marco"]
[Result "1-0"]
[WhiteElo "2162"]
[BlackElo "1980"]
[PlyCount "79"]
[EventDate "2024.04.30"]
[EventType "swiss (blitz)"]
[EventRounds "11"]
[EventCountry "USA"]
[SourceTitle "EXT 2025"]
[Source "ChessBase"]
[SourceDate "2024.10.14"]
[SourceVersion "1"]
[SourceVersionDate "2024.10.14"]
[SourceQuality "1"]

1. e4 c6 2. d4 d5 3. e5 Bf5 4. Bd3 Bxd3 5. cxd3 e6 6. Nc3 Nd7 7. Nf3 c5 8. dxc5 Bxc5 9. d4 Bb4 10. 0-0 Rc8 11. Ne2 Ne7 12. g3 0-0 13. Qd3 Nf5 14. h4 Be7 15. Kg2 Nb6 16. b3 Qc7 17. Ne1 f6 18. Bf4 Qd7 19. Nf3 Na8 20. Rh1 Qd8 21. g4 fxe5 22. dxe5 Nxh4+ 23. Nxh4 Bxh4 24. Bg3 g5 25. Nd4 Qe7 26. Bxh4 gxh4 27. Qe3 Rf7 28. Qh6 Rg7 29. Rxh4 Rg6 30. Qf4 Rf8 31. Qg3 Nc7 32. Rah1 Rf7 33. f4 Qb4 34. Rd1 Qe7 35. Kh3 Rfg7 36. Qf3 Qf7 37. f5 Rg5 38. Rf1 exf5 39. Nxf5 Ne8 40. Nh6+ 1-0

[Event "Titled Tuesday intern op 23rd Apr Late"]
[Site "Chess.com INT"]
[Date "2024.04.23"]
[Round "1"]
[White "Danielyan, Vahe"]
[Black "Prydun, Andriy"]
[Result "1-0"]
[WhiteElo "2331"]
[BlackElo "2162"]
[PlyCount "55"]
[EventDate "2024.04.23"]
[EventType "swiss (blitz)"]
[EventRounds "11"]
[EventCountry "USA"]
[SourceTitle "CBM 219 Extra"]
[Source "ChessBase"]
[SourceDate "2024.05.31"]
[SourceVersion "1"]
[SourceVersionDate "2024.05.31"]
[SourceQuality "1"]

1. d4 d5 2. c4 e6 3. Nc3 Nf6 4. cxd5 exd5 5. Bg5 Be7 6. e3 c6 7. Bd3 Bg4 8. Nge2 Nbd7 9. 0-0 Nf8 10. f3 Bh5 11. Ng3 Bg6 12. Qc2 Bxd3 13. Qxd3 h6 14. Bf4 Ng6 15. Be5 Bd6 16. Bxd6 Qxd6 17. Nf5 Qf8 18. e4 dxe4 19. fxe4 Ne7 20. e5 Nxf5 21. Rxf5 Ng8 22. Raf1 Ne7 23. R5f3 Rd8 24. Ne4 Nc8 25. Qb3 Rd7 26. e6 Re7 27. exf7+ Kd8 28. Nc5 1-0

[Event "Titled Tuesday intern op 23rd Apr Late"]
[Site "Chess.com INT"]
[Date "2024.04.23"]
[Round "4"]
[White "Novikova, Margarita"]
[Black "Prydun, Andriy"]
[Result "1/2-1/2"]
[WhiteElo "1999"]
[BlackElo "2162"]
[PlyCount "143"]
[EventDate "2024.04.23"]
[EventType "swiss (blitz)"]
[EventRounds "11"]
[EventCountry "USA"]
[SourceTitle "CBM 219 Extra"]
[Source "ChessBase"]
[SourceDate "2024.05.31"]
[SourceVersion "1"]
[SourceVersionDate "2024.05.31"]
[SourceQuality "1"]

1. e4 d5 2. exd5 Qxd5 3. Nc3 Qf5 4. d4 Nf6 5. Bd3 Qg4 6. Qxg4 Bxg4 7. h3 Bh5 8. Bf4 c6 9. g4 Bg6 10. 0-0-0 Bxd3 11. Rxd3 e6 12. Nf3 Nbd7 13. Ne5 Nxe5 14. Bxe5 0-0-0 15. f3 Bd6 16. Rhd1 Bb4 17. Ne4 Nxe4 18. fxe4 f6 19. Bg3 Rhe8 20. c3 Bd6 21. e5 fxe5 22. dxe5 Bc7 23. Rf3 Rd7 24. Rxd7 Kxd7 25. Kc2 Bd8 26. Rf7+ Re7 27. Rf3 Ke8 28. Kd3 Rf7 29. Rxf7 Kxf7 30. Ke4 Bb6 31. b3 Kg6 32. Bh4 h5 33. Be7 hxg4 34. hxg4 Kf7 35. Bd6 Kg6 36. Be7 Kf7 37. Bh4 Kg6 38. c4 Kf7 39. b4 a6 40. a4 Ba7 41. b5 Bb6 42. Be1 Ba7 43. Bd2 Bb6 44. a5 Bc5 45. bxc6 bxc6 46. Be1 Ba7 47. Bd2 Kg6 48. Bc1 Bc5 49. Bd2 Bf2 50. Kf3 Ba7 51. Ke4 Bc5 52. Kf3 Be7 53. Ke4 Bg5 54. Bb4 Bh4 55. Bd2 Bf2 56. Bc1 Be1 57. Kd4 Bxa5 58. Kc5 Bc7 59. Kxc6 Bxe5 60. Kd7 Kf7 61. c5 a5 62. c6 a4 63. Bb2 Bf4 64. c7 Bxc7 65. Kxc7 e5 66. Bxe5 a3 67. Kc6 Kg6 68. Kb5 Kg5 69. Bxg7 Kxg4 70. Ka4 a2 71. Kb3 a1Q 72. Bxa1 1/2-1/2